书目信息 |
| 题名: |
那些花儿
|
|
| 作者: | 殷智元 著 | |
| 分册: | ||
| 出版信息: | 北京 中国工人出版社 2005 |
|
| 页数: | 283页 | |
| 开本: | 21cm | |
| 丛书名: | 底层实录系列 | |
| 单 册: | ||
| 中图分类: | I253.7 | |
| 科图分类: | ||
| 主题词: | 报告文学--bao gao wen xue--中国--现代--选集 , 报告文学--bao gao wen xue , 恋爱--lian ai , 恋爱--lian ai--通俗读物 | |
| 电子资源: | ||
| ISBN: | 7-5008-3410-1 | |
| 000 | 01011nam0 2200289 45 | |
| 001 | 002809097 | |
| 005 | 20061226105551.86 | |
| 010 | @a7-5008-3410-1@dCNY19.80 | |
| 100 | @a20050228d2005 em y0chiy0110 ea | |
| 101 | 0 | @achi |
| 102 | @aCN@b110000 | |
| 105 | @ay z 000zd | |
| 200 | 1 | @a那些花儿@Ana xie hua er@e都市男女情感写实@f海瀚著 |
| 210 | @a北京@c中国工人出版社@d2005 | |
| 215 | @a283页@d21cm | |
| 225 | 2 | @a底层实录系列@Adi ceng shi lu xi lie |
| 330 | @a本书以实录的方式, 记述了社会生活中人们的喜怒哀乐。分为放爱一条生路、不嫁也罢、辗转在地狱天堂、美丽诱饵、我被爱情骗了两回、忏悔的力量等八个部分。 | |
| 410 | 0 | @12001 @a底层实录系列 |
| 517 | 1 | @a都市男女情感写实@Adu shi nan nv qing gan xie shi |
| 606 | 0 | @a报告文学@Abao gao wen xue@y中国@z现代@j选集 |
| 606 | 0 | @a报告文学@Abao gao wen xue |
| 606 | 0 | @a恋爱@Alian ai |
| 606 | 0 | @a恋爱@Alian ai@j通俗读物 |
| 690 | @aI253.7@v4 | |
| 701 | 0 | @a殷智元@Ayin zhi yuan@c(文学)@4著 |
| 801 | 0 | @aCN@c20061226 |
| 905 | @a10447@dI253.7@eH027 | |
| 那些花儿:都市男女情感写实/海瀚著.-北京:中国工人出版社,2005 |
| 283页;21cm.-(底层实录系列) |
| ISBN 7-5008-3410-1:CNY19.80 |
| 本书以实录的方式, 记述了社会生活中人们的喜怒哀乐。分为放爱一条生路、不嫁也罢、辗转在地狱天堂、美丽诱饵、我被爱情骗了两回、忏悔的力量等八个部分。 |
| ● |
| 相关链接 |
|
|
|
正题名:那些花儿
索取号:I253.7/H027
 
预约/预借
| 序号 | 登录号 | 条形码 | 馆藏地/架位号 | 状态 | 备注 |
| 1 | 640961 | 206409616 | 自科二线404/108文学库 68排7列5层/ [索取号:I253.7/H027] | 在馆 | |
| 2 | 640962 | 206409625 | 文学库108/ [索取号:I253.7/H027] | 在馆 | |
| 3 | 640963 | 206409634 | 社科二线400B/108文学库 68排7列5层/ [索取号:I253.7/H027] | 在馆 |